1394 1423 1307 1603 1297 1126 1723 1024 1385 1962 1182 1578 1473 1312 1324 1960 1715 1371 1125 1754 1648 1106 1476 1759 1598 1034 1468 1722 1258 1024 1427 1301 1367 1164 1647 1917 1799 1665 1153 1136 1144 1532 1784 1554 1288 1625 1562 1858 1599 1422 1941 1540 1361 1013 1629 1266 1321 1385 1053 1148 1518 1057 1700 1009 1939 1544 1771 1618 1289 1647 1782 1692 1713 1209 1016 1107 1131 1614 1081 1129 1055 1899 1758 1959 1147 1965 1519 1033 1734 1998 1600 1283 1271 1562 1521 1371 1365 1403 1786 BCNSPRNW ULIB Ver.6.0+V

เปลี่ยนเป็นภาษาไทย

Change to English
 แสดงรายละเอียดบรรณานุกรม
  กลับหน้าหลัก

Brief Record : Get Marc (ISO 2709) : E-mail record : QR code < ปิดหน้าต่าง
LEADER : 00000nam 2200000uu 4500
001    13399112249
003     ULIB
008    110802s2554||||th 000 0 tha d
020    9786165001502
090    นว.^bอ334ล 2554
100 0  อรพิม
245 00 เล่ห์ร้อยรัก/^cอรพิม
260    กรุงเทพฯ:^bพิมพ์คำ,^c2554.
300    483 หน้า
945    ^p280^l0^i18467
995    เกษร
999 ^a ใช้งานได้ทุกระบบ
รายการนี้ยังไม่มีแท็ก
คุณยังไม่ได้ล็อกอิน คุณสามารถมีกิจกรรมร่วมกับเว็บไซต์ได้ แต่ต้องล็อกอินก่อน ::
  ล็อกอิน

รายการสื่อสารสนเทศ

ลำดับที่ ประเภท เลขเรียก/บาร์โค้ด สถานที่ สถานะ
1. นวนิยาย
นวนิยาย
นว. อ334ล 2554  
  Barcode: 18467
ห้องสมุดวิทยาเขตสวรรค์ประชารักษ์
►นวนิยาย
บนชั้น
  ขอยืม

รายการใกล้เคียง
    ผู้แต่ง [อรพิม]

BibComment


ยังไม่เคยถูกคอมเมนท์

คอมเมนท์ทรัพยากรรายการนี้
  คอมเมนท์: เล่ห์ร้อยรัก อรพิม


 Copyright 2026. Bcnsprnw @Library